[Event "TUR-chT2"]
[Site "Konya"]
[Date "2015.07.27"]
[Round "4.5"]
[White "Khurtsilava, Inga"]
[Black "Ciftci, Ergin"]
[Result "1-0"]
[WhiteElo "2163"]
[BlackElo "1918"]
[PlyCount "85"]
[EventDate "2015.07.25"]
[EventType "team-swiss"]
[EventRounds "9"]
[EventCountry "TUR"]
[SourceTitle "CBM 167 Extra"]
[Source "ChessBase"]
[SourceDate "2015.09.14"]
[SourceVersion "1"]
[SourceVersionDate "2015.09.14"]
[SourceQuality "1"]
[WhiteTeam "Denizli Pausa"]
[BlackTeam "Ankara Ego"]
[WhiteTeamCountry "TUR"]
[BlackTeamCountry "TUR"]

1. c4 Nf6 2. Nc3 e5 3. g3 g6 4. Bg2 Bg7 5. d3 0-0 6. e3 d6 7. Nge2 c6 8. d4 Re8 9. 0-0 Nbd7 10. d5 c5 11. e4 a6 12. a4 Nf8 13. h3 Bd7 14. g4 Rb8 15. a5 b5 16. axb6 Rxb6 17. Ng3 Bc8 18. Qc2 Re7 19. Na4 Rb8 20. Bd2 Reb7 21. Rfb1 Bxg4 22. hxg4 Nxg4 23. Bf3 h5 24. Kg2 Nh6 25. Rh1 Nd7 26. Qc1 Kh7 27. Ra3 Qf8 28. Kf1 Nb6 29. Nxb6 Rxb6 30. Ra2 f5 31. exf5 Nxf5 32. Kg2 Nxg3 33. fxg3 e4 34. Bxe4 Rxb2 35. Rxb2 Rxb2 36. Rxh5+ Kg8 37. Bxg6 Bd4 38. Bh7+ Kg7 39. Bf5 Qb8 40. Kh3 Qb3 41. Bh6+ Kf7 42. Be6+ Ke8 43. Qg5 1-0

[Event "TUR-chT2"]
[Site "Konya"]
[Date "2015.07.26"]
[Round "3.8"]
[White "Ciftci, Ergin"]
[Black "Unver, Cumali"]
[Result "0-1"]
[WhiteElo "1918"]
[BlackElo "2060"]
[PlyCount "58"]
[EventDate "2015.07.25"]
[EventType "team-swiss"]
[EventRounds "9"]
[EventCountry "TUR"]
[SourceTitle "CBM 167 Extra"]
[Source "ChessBase"]
[SourceDate "2015.09.14"]
[SourceVersion "1"]
[SourceVersionDate "2015.09.14"]
[SourceQuality "1"]
[WhiteTeam "Ankara Ego"]
[BlackTeam "Hatay Samandag"]
[WhiteTeamCountry "TUR"]
[BlackTeamCountry "TUR"]

1. d4 e6 2. Nf3 f5 3. c4 Nf6 4. Nc3 Bb4 5. Bf4 0-0 6. e3 Ne4 7. Rc1 d6 8. Bd3 Bxc3+ 9. bxc3 g5 10. Bxe4 gxf4 11. Bd3 fxe3 12. fxe3 Qf6 13. 0-0 Qh6 14. Qe1 Nd7 15. Qg3+ Kh8 16. Qg5 Qxg5 17. Nxg5 Nf6 18. Rce1 h6 19. Nf3 Bd7 20. e4 fxe4 21. Bxe4 Nxe4 22. Rxe4 Rae8 23. Rfe1 Rf6 24. R4e3 Rg8 25. Kf2 Rg5 26. R3e2 b6 27. Rc2 Bc6 28. Ke3 Bxf3 29. gxf3 Rgf5 0-1

[Event "TUR-chT2"]
[Site "Konya"]
[Date "2014.06.28"]
[Round "8.6"]
[White "Ciftci, Ergin"]
[Black "Saba, Zafer Rabin"]
[Result "1/2-1/2"]
[WhiteElo "1942"]
[BlackElo "1895"]
[PlyCount "60"]
[EventDate "2014.06.23"]
[EventType "team-swiss"]
[EventRounds "9"]
[EventCountry "TUR"]
[SourceTitle "CBM 161 Extra"]
[Source "ChessBase"]
[SourceDate "2014.08.29"]
[SourceVersion "1"]
[SourceVersionDate "2014.08.29"]
[SourceQuality "1"]
[WhiteTeam "Ego Spor"]
[BlackTeam "Burdur"]
[WhiteTeamCountry "TUR"]
[BlackTeamCountry "TUR"]

1. d4 Nf6 2. Nf3 g6 3. Bf4 d6 4. h3 Bg7 5. e3 0-0 6. Be2 b6 7. 0-0 Bb7 8. a4 a6 9. Nbd2 Nbd7 10. a5 b5 11. c4 b4 12. Qa4 c5 13. Rad1 Qc8 14. dxc5 dxc5 15. Ne5 Nxe5 16. Bxe5 Qf5 17. Bc7 Rac8 18. Bb6 h5 19. Bf3 Bxf3 20. Nxf3 g5 21. Qb3 g4 22. hxg4 hxg4 23. Nh4 Qe6 24. Qd3 Ne4 25. b3 Bf6 26. g3 Bxh4 27. gxh4 g3 28. Qd7 gxf2+ 29. Rxf2 Nxf2 30. Kxf2 Rc6 1/2-1/2

[Event "TUR-chT2"]
[Site "Konya"]
[Date "2014.06.26"]
[Round "5.4"]
[White "Ozturk, Emir"]
[Black "Ciftci, Ergin"]
[Result "1/2-1/2"]
[WhiteElo "2170"]
[BlackElo "1942"]
[PlyCount "51"]
[EventDate "2014.06.23"]
[EventType "team-swiss"]
[EventRounds "9"]
[EventCountry "TUR"]
[SourceTitle "CBM 161 Extra"]
[Source "ChessBase"]
[SourceDate "2014.08.29"]
[SourceVersion "1"]
[SourceVersionDate "2014.08.29"]
[SourceQuality "1"]
[WhiteTeam "Deniz Pamukkale"]
[BlackTeam "Ego Spor"]
[WhiteTeamCountry "TUR"]
[BlackTeamCountry "TUR"]

1. d4 Nf6 2. c4 c5 3. d5 b5 4. cxb5 a6 5. bxa6 g6 6. Nc3 Bxa6 7. Nf3 d6 8. g3 Bg7 9. Bg2 0-0 10. Rb1 Nfd7 11. Bd2 Nb6 12. 0-0 Nc4 13. Qc1 Nxd2 14. Nxd2 Nd7 15. Re1 Qa5 16. Qc2 Rfb8 17. h4 Ra7 18. Rec1 Ne5 19. Bf1 Bh6 20. e3 Bxf1 21. Kxf1 Rab7 22. Kg2 Qa6 23. Qa4 Qd3 24. Qc2 Qa6 25. Qa4 Qd3 26. Qc2 1/2-1/2

[Event "TUR-chT2"]
[Site "Konya"]
[Date "2014.06.25"]
[Round "4.7"]
[White "Ciftci, Ergin"]
[Black "Demirkilic, Koksal"]
[Result "1/2-1/2"]
[WhiteElo "1942"]
[BlackElo "1631"]
[PlyCount "37"]
[EventDate "2014.06.23"]
[EventType "team-swiss"]
[EventRounds "9"]
[EventCountry "TUR"]
[SourceTitle "CBM 161 Extra"]
[Source "ChessBase"]
[SourceDate "2014.08.29"]
[SourceVersion "1"]
[SourceVersionDate "2014.08.29"]
[SourceQuality "1"]
[WhiteTeam "Ego Spor"]
[BlackTeam "Azdur Ordu"]
[WhiteTeamCountry "TUR"]
[BlackTeamCountry "TUR"]

1. d4 d5 2. Nf3 c5 3. c3 e6 4. Bf4 Nc6 5. e3 Nf6 6. Nbd2 Bd6 7. Bg3 0-0 8. Bd3 Re8 9. Ne5 Qc7 10. f4 Ne7 11. 0-0 g6 12. Bh4 Kg7 13. g4 Nfg8 14. Rf2 f6 15. Ndf3 Nh6 16. Bxf6+ Kxf6 17. g5+ Kg7 18. gxh6+ Kxh6 19. Ng5 1/2-1/2